Multiple Choice City Quiz – Richmond - Statistics

General Stats
  • This quiz has been taken 33 times
  • The average score is 7 of 10
Answer Stats
Question Answer % Correct
Richmond was the capital of the Confederacy during which war? U.S. Civil War
100%
Who gave his famous "Give me liberty or give me death" speech at St. John's church in 1775? Patrick Henry
93%
Which river flows through Richmond? James River
79%
Which school's sports teams are called the Richmond Spiders? University of Richmond
79%
During the 2020 BLM protests, every statue of Confederate generals was removed on Monument Avenue. Who has the only remaining statue on that street? Arthur Ashe
75%
Which is NOT a Richmond suburb? Lynchburg
75%
Which two U.S. Presidents are buried in Richmond? James Monroe and John Tyler
57%
Who sang "Rich Men North of Richmond," which was a #1 hit in 2023? Oliver Anthony
50%
Which critically acclaimed TV show was created by Richmond native Vince Gilligan? Breaking Bad
46%
Which Oscar-winning actress was born in Richmond? Shirley MacLaine
36%
No matching quizzes found
Score Distribution
Percent of People with Each Score
Percentile by Number Answered
Your Score History
You have not taken this quiz